Tilastot visalle Valtiot entisten nimien mukaan

Klikkaa tästä pelataksesi tätä visaa!

Yleistilastot

  • Tätä visaa on pelattu 144 kertaa
  • Keskiarvotulos 10 / 19

Vastaustilastot

Aiempi nimiNykyinen nimi% Oikein
PersiaIran
85%
BurmaMyanmar
84%
MakedoniaPohjois-Makedonia
81%
SiamThaimaa
75%
Itä-PakistanBangladesh
71%
CeylonSri Lanka
66%
ZaireKongon dem. tasavalta
61%
BöömiTšekki
56%
Alankomaiden Itä-IntiaIndonesia
56%
Alankomaiden GuianaSuriname
55%
Etelä-RhodesiaZimbabwe
50%
KultarannikkoGhana
50%
AbessiniaEtiopia
49%
Pohjois-RhodesiaSambia
46%
Brittiläinen HondurasBelize
43%
FormosaTaiwan
40%
Uusi-HollantiAustralia
29%
NjassamaaMalawi
27%
Uudet-HebriditVanuatu
21%

Tulosjakauma

Persentiili vastausten määrän mukaan

Jokaisen tuloksen saaneiden osuus

Tuloshistoriasi

Et ole pelannut tätä visaa